Tout sur la Nouvelle-Calédonie ... - Statistiques

Statistiques générales
  • Ce quiz a été pris 388 fois
  • Le résultat moyen est 12 sur 15
Statistiques - réponses
Question Réponse % Correct
Sa capitale est ... Nouméa
99%
Comment appelle t-on le plat traditionnel de la Nouvelle-Calédonie ? Bougna
93%
Quel est l'oiseau emblématique du Caillou ? Cagou
93%
La Nouvelle-Calédonie est aussi appelée ... Le caillou
93%
Expression locale pour dire "aurevoir" Tata
92%
La danse traditionnelle des kanaks ? Pilou
88%
Où peut t-on observer "la roche percée" ? Bourail
84%
La poule la plus connue de la Nouvelle-Calédonie vient de ... Hienghène
84%
Geste de respect et pilier de la culture kanak ? La coutume
82%
La langue des natifs de l'île de Lifou ? Drehu
77%
De quelles couleurs est la bière locale ? Vert et gris
72%
Comment s'appelle le bus pour aller à Koumac ? Rai
69%
Elle se compose de combien de communes ? 33
64%
Dans quelle aire se situe l'ile des pins ? Drubea-Kapumë
61%
Combien y a t-il d'aires coutumières ? 8
43%
Aucun quiz correspondant
Distribution des résultats
% des personnes avec chaque résultat
Percentile par nombre de réponses
Votre historique - résultats
Vous n’avez pas pris ce quiz